Score 0/13 Timer 03:00
1 Play Today
Scrambled Word Unscrambled Word % Correct
ARSTStar
98.5%
RHADHard
98.4%
ABDNBand
96.5%
YCDNACandy
91.2%
TBOTMOBottom
90%
LETILTLittle
88.3%
IRCHSChris
76.6%
Common Word Shared by Above WordsROCK
45%
HYTULPMOPlymouth
22.9%
IUSNOGEIgneous
19.5%
LCOSSHOEUHOSchoolhouse
15.2%
IOLAEJUHSJailhouse
12.7%
TPMRAIHOCMEMetamorphic
10.8%
Remove Ads.
Support Sporcle.
Get the best of Sporcle when you Go Orange. This ad-free experience offers more features, more stats, and more fun while also helping to support Sporcle. Thank you for becoming a member.

You're not logged in!

Compare scores with friends on all Sporcle quizzes.
OR
Log In

Show Comments

Extras

Top Quizzes Today


Score Distribution

Your Account Isn't Verified!

In order to create a playlist on Sporcle, you need to verify the email address you used during registration. Go to your Sporcle Settings to finish the process.

Report this User

Report this user for behavior that violates our Community Guidelines.

Details: